000 00567nam a2200181Ia 4500
008 130821s1958 sp gr spa
040 _aCo-BoUCM
_bspa
041 _aspa
100 _aGoldschmidt, Werner
_9119495
245 3 _aLa ciencia de la justicia (Dikelogia)
_cWerner Goldschmidt.
260 _aMadrid (España)
_bAguilar
_c1958
300 _a435 páginas
650 0 4 _aDerecho y ética
_912843
650 0 4 _aFilosofía del derecho
_915792
650 0 4 _aJusticia
_918195
942 _cLIBRO
_a8
_e1
_mG65c
_2DEWEY
_h340.1
999 _c18898
_d18898